| 000 | 01013nam a22003137a 4500 | ||
|---|---|---|---|
| 001 | BR8305222 | ||
| 003 | BR-BrBNA | ||
| 005 | 20230928091757.0 | ||
| 007 | ta | ||
| 008 | 230509b bl.||||| |||| 00| 0 por d | ||
| 040 |
_aBR-BrBNA _bpor _cBiblioteca Nacional de Agricultura |
||
| 041 | _a(Por) | ||
| 072 |
_aE10; P05 _b/G514 |
||
| 090 | _ E10 BR8305222 | ||
| 110 | 1 |
_aFundacao Centro Estadual de Planejamento Agricola, Salvador, BA (Brasil) _94810 |
|
| 245 | 1 | _aMemoria de calculo referente a determinacao dos coeficientes de consumo de energia na agropecuaria e industria rural [energia, custo, economia agricola, Bahia, Brasil] | |
| 260 | 3 |
_aSalvador, BA (Brasil): _c1983. |
|
| 300 | _a10 p. | ||
| 500 | _a(*) Documento disponível no(a) BEAGRI, Salvador, BA (Brazil) | ||
| 650 | _aENERGIA | ||
| 650 | _aPECUARIA | ||
| 650 | _aMECANIZACAO | ||
| 650 | _aINDUSTRIA | ||
| 650 | _aCUSTO | ||
| 650 | _aECONOMIA AGRICOLA | ||
| 650 | _aBAHIA | ||
| 909 |
_a202309 _bLucia _c55 _dLucia Elande |
||
| 942 | _cBK | ||
| 999 |
_c35477 _d35477 |
||